000 00372nam a2200157Ia 4500
008 230711s9999||||xx |||||||||||||| ||und||
041 _aENG
082 _a620
_bST-R
100 _aStevenson,John
245 0 _aRobots
250 _a1st
260 _c1985
_aNew York
_bMacdonald & Co. (Publishers) Limited
300 _a48
650 _aMechanical Engineering
942 _cBK
999 _c1128
_d1128